| 000 | 00480nam a2200133 a 4500 | ||
|---|---|---|---|
| 008 | 120416s1971 ||||||||||||||||| || u | ||
| 050 | _aHG 4011 Dob | ||
| 100 | _aDobrovolsky, Sergei P | ||
| 245 | 1 | 4 | _aThe economics of corporation finance |
| 260 |
_aNew York _bMcGraw-Hill _c1971 |
||
| 300 | _axii, 347p. : ill. | ||
| 350 | _a0.00 | ||
| 995 |
_D0.00 _FCBU-MAIN LIBRARY (Kitwe) _H1 _I13.95 _M1 _UDAMAGED _ZMain Library Open Access Collection |
||
| 999 |
_c41017 _d41017 |
||